00356 a2200109 450000500170000002000220001708200150003911100470005424500380010126000680013930000390020720250609130631.0 a978-9976-78-093-2 a658.15 NBA aNational Board of Accountants and Auditors aBusiness And Corporate Finance C3 aDar Es SalaambNational Board of Accountants and Auditorsc2019 avi,311p.:ill.; figures,tablec29cm